<?xml version="1.0" encoding="UTF-8"?>
<collection xmlns="http://www.loc.gov/MARC21/slim">
  <record>
    <leader>00000nam  2200000   4500</leader>
    <controlfield tag="001">INLIS000000000020687</controlfield>
    <controlfield tag="005">20250730081521</controlfield>
    <datafield tag="035" ind1="#" ind2="#">
      <subfield code="a">0010-0725000217</subfield>
    </datafield>
    <controlfield tag="007">ta</controlfield>
    <controlfield tag="008">250730################|##########|#|##</controlfield>
    <datafield tag="084" ind1="#" ind2="#">
      <subfield code="a">R 0138 PKN I 2024</subfield>
    </datafield>
    <datafield tag="100" ind1=" " ind2="#">
      <subfield code="a">Aryanto Husein</subfield>
    </datafield>
    <datafield tag="245" ind1="1" ind2="#">
      <subfield code="a">Desain Kebijakan Ekosistem Ekonomi Kreatif Berbasis Digital /</subfield>
      <subfield code="c">Aryanto Husein</subfield>
    </datafield>
    <datafield tag="250" ind1="#" ind2="#">
      <subfield code="a">1</subfield>
    </datafield>
    <datafield tag="260" ind1="#" ind2="#">
      <subfield code="a">Jakarta :</subfield>
      <subfield code="b">Pusbangkom Pimnas,</subfield>
      <subfield code="c">2024</subfield>
    </datafield>
    <datafield tag="300" ind1="#" ind2="#">
      <subfield code="a">100 :</subfield>
      <subfield code="b">ilus ;</subfield>
      <subfield code="c">29 x 21 x 1</subfield>
    </datafield>
    <datafield tag="650" ind1="#" ind2="4">
      <subfield code="a">Kebijakan, Manajemen</subfield>
    </datafield>
    <datafield tag="520" ind1="#" ind2="#">
      <subfield code="a">Proyek perubahan yang berjudul Desain Kebijakan Ekosistim Pengembangan Ekonomi&#13;
Kreatif Berbasis Digital ini menawarkan sekaligus merekomendasikan model kebijakan&#13;
ekosistim ekonomi kreatif berbasis digital yang komprehensif. Kerangka dan pendekatannya&#13;
bertumpu pada penyusunan dokumen perencanaan, kebijakan, regulasi dan kesepakatan&#13;
stakeholder. Proyek perubahan ini selaras dengan arah dan susbstansi dengan tema PKN I&#13;
Angkatan LXI Tahun 2024 tentang Desain Ekonomi Masa Depan Dalam Pertumbuhan Tinggi,&#13;
khususnya pengembangan sub tema Orange Economy. Fokusnya adalah menggagas&#13;
perubahan ekonomi yang lebih baik dari kondisi saat ini kepada masa yang datang&#13;
khususnya dalam hal mendorong produktivitas dan keberlanjutan pengembangan ekonomi&#13;
kreatif.&#13;
Implementasi agenda perubahan berhasil melaksanakan seluruh target jangka&#13;
pendek, mencakup a) penyusunan dokumen Satu Data Ekraf (SDE), b) penyusunan dokumen&#13;
Pendanaan Anggaran Ekosistim Ekonomi Kreatif Berbasis Digital, c) penyusunan dokumen&#13;
Adaptasi Desain Kebijakan Ekosistim Ekonomi Kreatif berbasis digital kedalam RPJMD Provinsi&#13;
Gorontalo 2025-2029, d) pelaksanaan Ekspo Produk Ekonomi Kreatif berbasis digital pada&#13;
Hulothalo Art and Craft Festival 2024, e) pelaksanaan Workshop dan Penandatanganan MoU&#13;
Pengembangan Ekosistim Ekonomi Kreatif berbasis digital di Provinsi Gorontalo.</subfield>
    </datafield>
    <datafield tag="856" ind1="#" ind2="#">
      <subfield code="a">Perpustakaan Pusat LAN</subfield>
    </datafield>
    <datafield tag="990" ind1="#" ind2="#">
      <subfield code="a">2024/1.2,2/A/0138</subfield>
    </datafield>
  </record>
</collection>
